Tilastot visalle Kuuluisat Sukunimet

Klikkaa tästä pelataksesi tätä visaa!

Yleistilastot

  • Tätä visaa on pelattu 219 kertaa
  • Keskiarvotulos 7 / 8

Vastaustilastot

EtunimetSukunimi% Oikein
Saara, Alvar, Aino, VäinöAalto
97%
Tarja, Pekka, Olli, KassuHalonen
95%
Kyösti, Ile, AngelikaKallio
89%
Martti, Eeva, MarkoAhtisaari
88%
Eliel, Eero, Aino-KaisaSaarinen
88%
Rudolf, Saku, MikkoKoivu
86%
Pamela, Amos, Wes, JaninaAnderson
80%
Ville, Veltto, Artturi IlmariVirtanen
70%

Tulosjakauma

Persentiili vastausten määrän mukaan

Jokaisen tuloksen saaneiden osuus

Tuloshistoriasi

Et ole pelannut tätä visaa